[Event "GM tournament"]
[Site "Panevezys"]
[Date "2008.08.16"]
[Round "7.5"]
[White "Beinoras, Mindaugas"]
[Black "Sarakauskas, Gediminas"]
[Result "1-0"]
[WhiteElo "2426"]
[BlackElo "2449"]
[PlyCount "61"]
[EventDate "2008.08.12"]

1. d4 d5 2. c4 dxc4 3. Nf3 Nf6 4. e3 e6 5. Bxc4 a6 6. O-O c5 7. Bb3 Nc6 8. Qe2
cxd4 9. Rd1 d3 10. Rxd3 Qc7 11. Nc3 Bc5 12. h3 O-O 13. e4 Nh5 14. e5 Ng3 15.
Qe1 Nf5 16. Bf4 Nfd4 17. Ne4 Bb4 18. Qd1 Nxb3 19. Qxb3 Be7 20. Nd6 Na5 21. Qd1
Nc6 22. Rc1 Qb8 23. Qe1 Rd8 24. Bg5 Qc7 25. Bxe7 Qxe7 26. Qd2 h6 27. Rxc6 bxc6
28. Nf5 exf5 29. Rxd8+ Kh7 30. Qd6 Qa7 31. Qf8 1-0

[Event "GM tournament"]
[Site "Panevezys"]
[Date "2008.08.17"]
[Round "8.1"]
[White "Luch, Michal"]
[Black "Sarakauskas, Gediminas"]
[Result "1/2-1/2"]
[WhiteElo "2412"]
[BlackElo "2449"]
[PlyCount "71"]
[EventDate "2008.08.12"]

1. d4 d5 2. c4 dxc4 3. Nf3 Nf6 4. e3 e6 5. Bxc4 a6 6. Bb3 c5 7. O-O Nc6 8. Qe2
cxd4 9. Rd1 Be7 10. Nc3 O-O 11. Nxd4 Nxd4 12. exd4 Nd5 13. Qf3 Nxc3 14. bxc3
Qc7 15. c4 e5 16. Qg3 Be6 17. Bh6 Bf6 18. Re1 Bxc4 19. Rac1 b5 20. Bxc4 bxc4
21. dxe5 Rfe8 22. Re4 Bxe5 23. Rce1 f6 24. f4 Bd4+ 25. Rxd4 Rxe1+ 26. Qxe1 Qb6
27. Qe3 gxh6 28. Kf2 Rc8 29. f5 Kh8 30. Rd2 Qa5 31. g4 c3 32. Rd7 Qxa2+ 33. Kg3
Qg8 34. Qxh6 Rc6 35. Rxh7+ Qxh7 36. Qf8+ 1/2-1/2

[Event "GM tournament"]
[Site "Panevezys"]
[Date "2008.08.17"]
[Round "8.2"]
[White "Haznedaroglu, Kivanc"]
[Black "Beinoras, Mindaugas"]
[Result "0-1"]
[WhiteElo "2444"]
[BlackElo "2426"]
[PlyCount "150"]
[EventDate "2008.08.12"]

1. e4 e5 2. Nf3 Nc6 3. Bb5 a6 4. Bxc6 dxc6 5. O-O f6 6. d4 exd4 7. Nxd4 c5 8.
Nb3 Qxd1 9. Rxd1 Bd6 10. Na5 b5 11. c4 Be6 12. Nc3 Rb8 13. Be3 Ne7 14. cxb5
axb5 15. a4 bxa4 16. Nxa4 Rb5 17. Nc3 Rb8 18. Nd5 Bxd5 19. exd5 Kd7 20. Nc4 Ra8
21. Rac1 Rhb8 22. Rd3 Nf5 23. g4 Nxe3 24. fxe3 Re8 25. Kg2 h5 26. h3 hxg4 27.
hxg4 Rh8 28. Ra3 Rh2+ 29. Kf3 Rh3+ 30. Ke4 Re8+ 31. Kf5 Rf3+ 32. Kg6 Rg3 33.
Nxd6 Kxd6 34. Ra6+ Kxd5 35. Rd1+ Kc4 36. Ra4+ Kb3 37. Rf4 Rexe3 38. Kxg7 f5 39.
Rxf5 Rxg4+ 40. Kf6 c4 41. Rd2 c6 42. Rdf2 Rge4 43. Rc5 Re2 44. Rf3+ Kxb2 45.
Rxc6 Rc2 46. Rb6+ Kc1 47. Kf5 Re8 48. Rf1+ Kd2 49. Rh1 Rd8 50. Ke4 Kc3 51. Rhb1
Re2+ 52. Kf3 Kd3 53. Rd1+ Rd2 54. Rc1 Re8 55. Kf4 Re4+ 56. Kf5 Re3 57. Rh1 Rf2+
58. Kg4 Re4+ 59. Kg3 Rc2 60. Rd1+ Kc3 61. Ra1 Rd2 62. Rb8 Kd3 63. Rd8+ Rd4 64.
Rf8 c3 65. Ra3 Rc4 66. Rf3+ Kd4 67. Ra8 Rc5 68. Ra4+ Kd5 69. Rf5+ Kc6 70. Rf6+
Kb5 71. Ra8 c2 72. Rb8+ Kc4 73. Rf4+ Rd4 74. Rf1 Rd1 75. Rf4+ Kc3 0-1

[Event "GM tournament"]
[Site "Panevezys"]
[Date "2008.08.17"]
[Round "8.3"]
[White "Pileckis, Emilis"]
[Black "Kovalev, Andrei"]
[Result "1/2-1/2"]
[WhiteElo "2443"]
[BlackElo "2550"]
[PlyCount "30"]
[EventDate "2008.08.12"]

1. Nf3 g6 2. d4 Bg7 3. c4 d6 4. Nc3 Nf6 5. e4 O-O 6. Be2 e5 7. O-O Nc6 8. d5
Ne7 9. b4 a5 10. Ba3 Nh5 11. c5 Nf4 12. Nd2 axb4 13. Bxb4 dxc5 14. Bxc5 b6 15.
Bb4 Nxe2+ 1/2-1/2

[Event "GM tournament"]
[Site "Panevezys"]
[Date "2008.08.17"]
[Round "8.5"]
[White "Malakhatko, Vadim"]
[Black "Simutowe, Amon"]
[Result "1-0"]
[WhiteElo "2612"]
[BlackElo "2459"]
[PlyCount "135"]
[EventDate "2008.08.12"]

1. d4 g6 2. c4 Bg7 3. Nc3 d6 4. e4 Nc6 5. Nge2 e5 6. Be3 Nh6 7. f3 f5 8. d5 Ne7
9. Qd2 Nf7 10. O-O-O a6 11. Kb1 Bd7 12. c5 O-O 13. Nc1 dxc5 14. Bxc5 b6 15. Ba3
Nd6 16. Bd3 b5 17. Nb3 a5 18. Bc5 Nec8 19. Ne2 fxe4 20. fxe4 Qh4 21. Ng3 Bh6
22. Qe1 a4 23. Na1 Bg7 24. Nc2 Nb6 25. Ne2 Qd8 26. Nc3 Nbc4 27. Bxc4 bxc4 28.
Qe2 Qc8 29. Rdf1 Bg4 30. Rxf8+ Bxf8 31. Qf2 Bd7 32. Rf1 Qe8 33. a3 Nb7 34. Bxf8
Qxf8 35. Qxf8+ Rxf8 36. Rxf8+ Kxf8 37. Ne3 Nd6 38. Kc2 Ke7 39. Kd2 h5 40. h4
Kf6 41. Nf1 g5 42. g3 g4 43. Kc2 Ke7 44. Nd2 c5 45. Nd1 Kf6 46. Nc3 Be8 47. Kd1
Bd7 48. Ke2 Be8 49. Nf1 Bd7 50. Ne3 Kg6 51. Kf2 Kf6 52. Nf5 Nc8 53. Ke2 Bxf5
54. exf5 Kxf5 55. Nxa4 e4 56. Nc3 Ke5 57. a4 Na7 58. a5 Kd6 59. Ke3 Ke5 60. a6
Nc8 61. Nb5 Kxd5 62. a7 Nxa7 63. Nxa7 c3 64. bxc3 Kc4 65. Nc8 Kxc3 66. Nd6 c4
67. Nxe4+ Kc2 68. Kd4 1-0

[Event "GM tournament"]
[Site "Panevezys"]
[Date "2008.08.18"]
[Round "9.1"]
[White "Simutowe, Amon"]
[Black "Luch, Michal"]
[Result "1-0"]
[WhiteElo "2459"]
[BlackElo "2412"]
[PlyCount "65"]
[EventDate "2008.08.12"]

1. d4 e6 2. c4 d5 3. Nc3 c6 4. Nf3 dxc4 5. a4 Bb4 6. Ne5 b5 7. e3 Nf6 8. Bd2 a5
9. axb5 Bxc3 10. bxc3 cxb5 11. Qb1 Qd5 12. Be2 Ne4 13. Bf3 f5 14. Bxe4 fxe4 15.
f3 exf3 16. O-O O-O 17. e4 Qb7 18. Nxf3 Nd7 19. e5 Rf5 20. Ng5 Nf8 21. Re1 Qd5
22. Ne4 Bb7 23. Re2 b4 24. Nd6 b3 25. Nxf5 exf5 26. Qxf5 Ne6 27. Bc1 Rf8 28.
Qg4 Bc6 29. Rf2 Rxf2 30. Kxf2 a4 31. Ba3 Qd7 32. Ke3 Qf7 33. Rf1 1-0

[Event "GM tournament"]
[Site "Panevezys"]
[Date "2008.08.18"]
[Round "9.5"]
[White "Sarakauskas, Gediminas"]
[Black "Haznedaroglu, Kivanc"]
[Result "0-1"]
[WhiteElo "2449"]
[BlackElo "2444"]
[PlyCount "124"]
[EventDate "2008.08.12"]

1. d4 d5 2. c4 c6 3. cxd5 cxd5 4. Nc3 Nf6 5. Bf4 Nc6 6. e3 a6 7. Bd3 Bg4 8.
Nge2 e6 9. f3 Bh5 10. Rc1 Bd6 11. O-O O-O 12. Bxd6 Qxd6 13. Nf4 Bg6 14. Bxg6
hxg6 15. Nd3 g5 16. Na4 Rfe8 17. Re1 e5 18. dxe5 Nxe5 19. Nxe5 Rxe5 20. Nc5
Rae8 21. Qd4 Qb6 22. Kf2 R5e7 23. h3 Qd6 24. Rc3 Nh5 25. Ne4 Rxe4 26. fxe4 Rxe4
27. Qd1 g4 28. hxg4 Qg3+ 29. Kf1 Rxg4 30. Qf3 Qh4 31. Qh3 Ng3+ 32. Kg1 Ne2+ 33.
Kh2 Nxc3 34. bxc3 Qxh3+ 35. Kxh3 Rc4 36. Rc1 b5 37. a3 a5 38. Rb1 Rxc3 39. Rxb5
Rxe3+ 40. Kg4 Rxa3 41. Rxd5 Ra1 42. Rd8+ Kh7 43. Ra8 a4 44. Ra6 a3 45. Kg3 a2
46. Kh2 f6 47. Ra3 Kg6 48. Ra5 f5 49. Ra3 Kf6 50. Ra6+ Ke5 51. Ra4 f4 52. Ra8
Ke4 53. Re8+ Kd3 54. Ra8 Ke2 55. Re8+ Kf2 56. Ra8 g5 57. Ra4 Ke2 58. Re4+ Kd3
59. Ra4 Ke3 60. Ra3+ Ke2 61. Ra8 g4 62. g3 Kf2 0-1